000 00400nam a22001577a 4500
020 _a978-1-84270-527-8
082 _a823
_bDOD/G
100 _aDODER, JOSHUA
245 _aGRK AND THE PELOTTI GANG
_bSHORT STORY
246 _aGRK AND THE PELOTTI GANG
_bSHORT STORY
260 _aLONDON
_bANDERSON PRESS LIMITED
_c2006
300 _a187
520 _aSHORT STORY
650 _aSHORT STORY
942 _cBK
999 _c2059
_d2059